Installation Serviceing and Maintenance (Record no. 343671)
[ view plain ]
| 000 -LEADER | |
|---|---|
| fixed length control field | 00358 a2200133 4500 |
| 020 ## - INTERNATIONAL STANDARD BOOK NUMBER | |
| International Standard Book Number | 8121908310 |
| 082 ## - DEWEY DECIMAL CLASSIFICATION NUMBER | |
| Classification number | 355.74 |
| 090 ## - LOCALLY ASSIGNED LC-TYPE CALL NUMBER (OCLC); LOCAL CALL NUMBER (RLIN) | |
| -- | 1141 |
| -- | 1141 |
| 100 ## - MAIN ENTRY--PERSONAL NAME | |
| Personal name | Bhattacharya S. N. |
| 245 ## - TITLE STATEMENT | |
| Title | Installation Serviceing and Maintenance |
| Statement of responsibility, etc. | S. N. Bhattacharya |
| 260 ## - PUBLICATION, DISTRIBUTION, ETC. | |
| Place of publication, distribution, etc. | New Delhi |
| Name of publisher, distributor, etc. | S. Chand & Company LTD> |
| Date of publication, distribution, etc. | 1995 |
| 300 ## - PHYSICAL DESCRIPTION | |
| Extent | 287 |
| 942 ## - ADDED ENTRY ELEMENTS (KOHA) | |
| Institution code [OBSOLETE] | NBS |
| Koha item type | Book |
| Call number prefix | 355.74 BHA |
| Withdrawn status | Lost status | Damaged status | Not for loan | Permanent Location | Current Location | Date acquired | Total Checkouts | Full call number | Barcode | Date last seen | Date last checked out | Price effective from | Koha item type |
|---|---|---|---|---|---|---|---|---|---|---|---|---|---|
| Central Library (CL) | Central Library (CL) | 08/28/2013 | 1 | 355.74 BHA | NBS2441 | 11/23/2017 | 08/22/2017 | 08/28/2013 | Book |
